000 00658nam a2200217Ii 4500
003 JO-AjNU
008 230606s9999||||xx |||||||||||||| ||und||
020 _a978-1-492-03108-6
040 _aJO-AjNU
_beng
_erda
_cJO-AjNU
041 _aeng
050 1 4 _aQA76.9.I52.W55 2019
100 3 _aWilke,Claus O,
_eauthor
_96482
245 0 0 _aFundamentals of Data Visualization: Aprimer on Making Informative and Compelling Figures
250 _a4ed
264 3 1 _aBeijing: O.REILLY, 2019
300 _a370p
336 _atext
_btxt
_2rdacontent
337 _aunmediated
_bn
_2rdamedia
338 _avolume
_bnc
_2rdacarrier
650 4 _a Data Visualization
_96483
999 _aE3364
_c3360
_d3360